| 000 | 01002cam a22003257a 4500 | ||
|---|---|---|---|
| 999 |
_c532376 _d532376 |
||
| 001 | 12022640 | ||
| 003 | NUST | ||
| 005 | 20191119110320.0 | ||
| 008 | 000526s1999 enka b 100 0 eng d | ||
| 010 | _a 00362648 | ||
| 020 | _a0727730940 | ||
| 024 | _a978-0727730947 | ||
| 035 | _a(DLC)12022640 | ||
| 038 | _aMSOHAIL | ||
| 040 |
_aUk _cUk _dDLC _dPPT _dDLC |
||
| 042 | _alccopycat | ||
| 050 | 0 | 0 |
_aTA219 _b.F677 1999 |
| 082 | 0 | 0 |
_a620 _221 |
| 100 |
_a B.S. Neale. _925826 |
||
| 245 | 0 | 0 |
_aForensic engineering : _bThe Investigation of Failures |
| 260 |
_aLondon : _bThomas Telford, _cc2001. |
||
| 300 |
_a219 p. : _bill. ; _c24 cm. |
||
| 504 | _aIncludes bibliographical references. | ||
| 650 | 0 |
_aForensic engineering _vCongresses. _925827 |
|
| 700 | 1 |
_aNeale, B. S. _q(Brian S.) _925828 |
|
| 906 |
_a7 _bcbc _ccopycat _d3 _encip _f20 _gy-gencatlg |
||
| 942 |
_2ddc _cBK |
||